[Event "63rd DEN-ch"]
[Site "Aalborg DEN"]
[Date "1984.??.??"]
[Round "5"]
[White "Hvenekilde, Joergen"]
[Black "Hoei, Carsten"]
[WhiteElo "2290"]
[BlackElo "2400"]
[Result "1/2-1/2"]
[EventDate "1984.01.01"]
[PlyCount "81"]
[EventCategory "5"]
[Source "ChessBase"]
[SourceDate "1999.11.16"]

1. e4 d6 2. d4 Nf6 3. Nc3 g6 4. Bg5 c6 5. Qd2 b5 6. f3 Nbd7 7. Nge2 Qa5 8. Nc1
h6 9. Be3 Bg7 10. Be2 h5 11. a4 bxa4 12. Rxa4 Qc7 13. O-O O-O 14. Nb3 Nb6 15.
Ra3 Be6 16. Rfa1 Bc4 17. Na5 Bxe2 18. Nxe2 Rfc8 19. c4 e6 20. Nc3 Re8 21. b4
Nfd7 22. c5 Nc8 23. cxd6 Nxd6 24. Rc1 Rac8 25. Na4 Nb8 26. Rd3 Qe7 27. Bf4 Red8
28. Bxd6 Rxd6 29. e5 Rdd8 30. Nc5 Bf8 31. Nab7 Rd5 32. Nd6 Rd8 33. Nce4 Bg7 34.
g3 Qc7 35. Kg2 Nd7 36. f4 Qb6 37. b5 cxb5 38. Nc8 Qb7 39. Ne7+ Kh7 40. Nxd5
Qxd5 41. Qe2 1/2-1/2

[Event "63rd DEN-ch"]
[Site "Aalborg DEN"]
[Date "1984.??.??"]
[Round "5"]
[White "Jakobsen, Ole"]
[Black "Fries-Nielsen, Jens Ove"]
[WhiteElo "2420"]
[BlackElo "2420"]
[Result "1-0"]
[EventDate "1984.01.01"]
[PlyCount "75"]
[EventCategory "5"]
[Source "ChessBase"]
[SourceDate "1999.11.16"]

1. d4 Nf6 2. Nf3 c5 3. g3 cxd4 4. Nxd4 d5 5. Bg2 e5 6. Nb3 Bb4+ 7. Bd2 Bxd2+ 8.
Qxd2 O-O 9. Nc3 d4 10. Ne4 Nxe4 11. Bxe4 a5 12. a4 Qb6 13. f4 exf4 14. Qxf4 Nc6
15. O-O-O Be6 16. Nxd4 Nxd4 17. Rxd4 Qc5 18. Rhd1 Rac8 19. Qd6 Qg5+ 20. Kb1 b5
21. h4 Qc5 22. Qxc5 Rxc5 23. axb5 Rxb5 24. Rd8 g6 25. Rxf8+ Kxf8 26. Rd4 Rc5
27. Kc1 Ke7 28. Kd2 Kf6 29. Bd3 Ke5 30. Rd8 h5 31. Rb8 Bd7 32. c4 Kd6 33. Kc3
Kc7 34. Rf8 Be6 35. Kd4 Rc6 36. c5 Bb3 37. Ra8 a4 38. Ra6 1-0

[Event "63rd DEN-ch"]
[Site "Aalborg DEN"]
[Date "1984.??.??"]
[Round "5"]
[White "Kristiansen, Jens"]
[Black "Rasmussen, Karsten"]
[WhiteElo "2450"]
[Result "1-0"]
[EventDate "1984.01.01"]
[PlyCount "73"]
[EventCategory "5"]
[Source "ChessBase"]
[SourceDate "1999.11.16"]
[BlackElo "2275"]

1. e4 c6 2. d3 g6 3. f4 Bg7 4. Nf3 d5 5. e5 Bg4 6. Be3 e6 7. Nbd2 Nd7 8. c3 Ne7
9. h3 Bxf3 10. Qxf3 Qc7 11. d4 a6 12. Bd3 c5 13. O-O c4 14. Bc2 h5 15. Bf2
O-O-O 16. b3 Nb6 17. Rab1 Kb8 18. bxc4 Nxc4 19. Nxc4 dxc4 20. Bh4 Ka7 21. Be4
b6 22. Rb4 Bf8 23. Rfb1 Rb8 24. R4b2 Nc8 25. a4 Ba3 26. Ra2 Be7 27. Bf2 a5 28.
Rb5 Ka6 29. d5 exd5 30. Bxd5 Na7 31. Rb1 f6 32. Qe4 Rhc8 33. Rab2 b5 34. axb5+
Rxb5 35. Rxb5 Nxb5 36. exf6 Bd6 37. Be6 1-0

[Event "63rd DEN-ch"]
[Site "Aalborg DEN"]
[Date "1984.??.??"]
[Round "5"]
[White "Kroll, Ove"]
[Black "Hansen, Curt"]
[WhiteElo "2300"]
[BlackElo "2485"]
[Result "0-1"]
[EventDate "1984.01.01"]
[PlyCount "92"]
[EventCategory "5"]
[Source "ChessBase"]
[SourceDate "1999.11.16"]

1. c4 e6 2. Nc3 d5 3. d4 Nf6 4. Bg5 Be7 5. e3 O-O 6. Nf3 Nbd7 7. Qc2 c5 8. Rd1
Qa5 9. cxd5 exd5 10. dxc5 Nxc5 11. Bxf6 Bxf6 12. Rxd5 Be6 13. Ng5 Bxg5 14. Rxg5
Rac8 15. Be2 Nd3+ 16. Bxd3 Qxg5 17. Bxh7+ Kh8 18. Be4 b5 19. a3 a5 20. f4 Qf6
21. Qe2 b4 22. axb4 axb4 23. Qh5+ Qh6 24. Qxh6+ gxh6 25. Ne2 Rfd8 26. Rg1 Bb3
27. Bf5 Rc5 28. g4 Rd1+ 29. Kf2 Rd2 30. Kf3 Bd1 31. Re1 Rc1 32. b3 Ra1 33. h4
Ra3 34. Rxd1 Rxd1 35. Nd4 Kg8 36. Ke2 Rxd4 37. exd4 Rxb3 38. d5 Rh3 39. d6 Kf8
40. h5 b3 41. Kd2 Rf3 42. Kc1 Rxf4 43. Kb2 Rb4 44. Kc3 Rb6 45. d7 Ke7 46. Kb2
Kd8 0-1

[Event "63rd DEN-ch"]
[Site "Aalborg DEN"]
[Date "1984.??.??"]
[Round "6"]
[White "Fries-Nielsen, Jens Ove"]
[Black "Oest-Hansen, Jacob"]
[WhiteElo "2420"]
[BlackElo "2430"]
[Result "1/2-1/2"]
[EventDate "1984.01.01"]
[PlyCount "21"]
[EventCategory "5"]
[Source "ChessBase"]
[SourceDate "1999.11.16"]

1. e4 c5 2. Nf3 e6 3. Nc3 a6 4. d4 cxd4 5. Nxd4 Ne7 6. Bd3 Nec6 7. Nb3 Be7 8.
O-O d6 9. f4 Nd7 10. a3 Qc7 11. Qh5 1/2-1/2

[Event "63rd DEN-ch"]
[Site "Aalborg DEN"]
[Date "1984.??.??"]
[Round "6"]
[White "Fries-Nielsen, Niels Joergen"]
[Black "Kristiansen, Jens"]
[WhiteElo "2345"]
[BlackElo "2450"]
[Result "1/2-1/2"]
[EventDate "1984.01.01"]
[PlyCount "129"]
[EventCategory "5"]
[Source "ChessBase"]
[SourceDate "1999.11.16"]

1. d4 Nf6 2. Bg5 b6 3. Nf3 Bb7 4. Nbd2 e6 5. e4 h6 6. Bxf6 Qxf6 7. e5 Qd8 8.
Bd3 d5 9. c3 Be7 10. O-O c5 11. dxc5 bxc5 12. Qa4+ Qd7 13. Qg4 g6 14. Rad1 Nc6
15. Rfe1 O-O-O 16. Bb5 Qc7 17. a3 g5 18. Qh5 Rdg8 19. h3 Rg7 20. b4 c4 21. Nf1
Bd8 22. Bxc6 Bxc6 23. Ng3 Ba4 24. Rd2 g4 25. hxg4 Rhg8 26. Rd4 Bc2 27. Qh3 Qd7
28. Nh5 Rg6 29. Rf4 Qa4 30. Nd4 Bd3 31. Rxf7 Rxg4 32. g3 Qe8 33. Rf4 Bf5 34.
Nxf5 exf5 35. Rxg4 fxg4 36. Qh1 Rg5 37. Nf4 Rxe5 38. Rxe5 Qxe5 39. Qxd5 Qxd5
40. Nxd5 Kd7 41. Ne3 Bf6 42. Nd1 Kc6 43. a4 Kd5 44. Kf1 h5 45. Ke2 Ke4 46. b5
Kd5 47. a5 Kc5 48. b6 axb6 49. axb6 Kxb6 50. Ke3 h4 51. gxh4 Bxh4 52. Kf4 Kb5
53. Kxg4 Bd8 54. Ne3 Ba5 55. Nd1 Ka4 56. f4 Kb3 57. f5 Bd8 58. Kf3 Kc2 59. Ke2
Bf6 60. Ne3+ Kxc3 61. Nd5+ Kd4 62. Nxf6 Ke5 63. Ne4 Kxf5 64. Nd6+ Ke6 65. Nxc4
1/2-1/2

[Event "63rd DEN-ch"]
[Site "Aalborg DEN"]
[Date "1984.??.??"]
[Round "6"]
[White "Hvenekilde, Joergen"]
[Black "Brinck-Claussen, Bjoern"]
[WhiteElo "2290"]
[BlackElo "2370"]
[Result "0-1"]
[EventDate "1984.01.01"]
[PlyCount "82"]
[EventCategory "5"]
[Source "ChessBase"]
[SourceDate "1999.11.16"]

1. Nf3 Nf6 2. g3 c5 3. Bg2 Nc6 4. O-O e6 5. Re1 d5 6. d3 Be7 7. Nbd2 b6 8. e4
Bb7 9. e5 Nd7 10. c3 Qc7 11. Qe2 a5 12. Nf1 h6 13. h4 b5 14. Bf4 c4 15. dxc4
bxc4 16. Nd4 Nxd4 17. cxd4 Qb6 18. b3 cxb3 19. Rab1 a4 20. axb3 a3 21. Red1 O-O
22. Ne3 a2 23. Ra1 Qxb3 24. Bf1 Rfc8 25. Rd3 Rc3 26. Rxc3 Qxc3 27. Rxa2 Rxa2
28. Qxa2 Qxd4 29. Qe2 Qb6 30. Qh5 Qb1 31. Nd1 Qe4 32. Qe2 Qxe2 33. Bxe2 g5 34.
hxg5 hxg5 35. Bb5 gxf4 36. Bxd7 fxg3 37. f4 d4 38. Nb2 Bb4 39. f5 Bd2 40. Nd1
Bd5 41. fxe6 fxe6 0-1

[Event "63rd DEN-ch"]
[Site "Aalborg DEN"]
[Date "1984.??.??"]
[Round "6"]
[White "Pedersen, Erik"]
[Black "Kroll, Ove"]
[WhiteElo "2380"]
[BlackElo "2300"]
[Result "1-0"]
[EventDate "1984.01.01"]
[PlyCount "81"]
[EventCategory "5"]
[Source "ChessBase"]
[SourceDate "1999.11.16"]

1. d4 e6 2. Nf3 Nf6 3. e3 b6 4. Bd3 Bb7 5. O-O c5 6. c4 Be7 7. b3 O-O 8. Bb2
cxd4 9. exd4 d5 10. Nbd2 Nbd7 11. Qe2 Rc8 12. Rac1 Re8 13. Rfd1 Nf8 14. Ne5 Ng6
15. Nxg6 hxg6 16. Nf3 Nh5 17. Qe3 Bd6 18. Ne5 dxc4 19. bxc4 Bb8 20. c5 Bd5 21.
Bb5 Re7 22. a4 bxc5 23. dxc5 Qc7 24. g3 Nf6 25. c6 Ne4 26. Nd7 a6 27. Bxa6 Ba7
28. Bd4 Bxd4 29. Rxd4 Ra8 30. Bb5 Rc8 31. Ba6 Ra8 32. Bd3 f5 33. f4 g5 34. Bxe4
fxe4 35. fxg5 Rf7 36. g6 Rf5 37. Rxe4 Qd6 38. Rd4 Rc8 39. g4 Rxc6 40. Rxc6 Qxc6
41. gxf5 1-0

[Event "63rd DEN-ch"]
[Site "Aalborg DEN"]
[Date "1984.??.??"]
[Round "6"]
[White "Rasmussen, Karsten"]
[Black "Jakobsen, Ole"]
[BlackElo "2420"]
[Result "1/2-1/2"]
[EventDate "1984.01.01"]
[PlyCount "97"]
[EventCategory "5"]
[Source "ChessBase"]
[SourceDate "1999.11.16"]
[WhiteElo "2275"]

1. e4 c5 2. Nf3 d6 3. Bb5+ Bd7 4. Bxd7+ Nxd7 5. O-O Ngf6 6. Re1 e6 7. c3 Be7 8.
d4 cxd4 9. cxd4 d5 10. e5 Ne4 11. Nbd2 Nxd2 12. Bxd2 O-O 13. Qb3 Qb6 14. Rec1
Rac8 15. Rxc8 Rxc8 16. Qxb6 Nxb6 17. Rc1 Rxc1+ 18. Bxc1 Na4 19. Kf1 b5 20. Ke2
h5 21. Kd3 Kh7 22. g3 Kg6 23. h3 Nb6 24. Ne1 Nc4 25. Ng2 Kh7 26. f4 Na5 27. Ne3
Nc6 28. Nc2 Kg6 29. Bd2 f5 30. h4 Kf7 31. a3 a5 32. b4 a4 33. Bc1 Ke8 34. Kc3
Kd7 35. Ne1 Bd8 36. Nc2 Bb6 37. Kd3 Nd8 38. Ke3 Nf7 39. Kf3 Ba7 40. Bd2 Nh6 41.
Bc3 Ng8 42. Ke3 Ne7 43. Kd3 Nc8 44. Ke3 Nb6 45. Kd3 Nc4 46. Ke2 Bb6 47. Kf3 Bd8
48. Ke2 Be7 49. Kf3 1/2-1/2

[Event "63rd DEN-ch"]
[Site "Aalborg DEN"]
[Date "1984.??.??"]
[Round "7"]
[White "Brinck-Claussen, Bjoern"]
[Black "Hoei, Carsten"]
[WhiteElo "2370"]
[BlackElo "2400"]
[Result "1-0"]
[EventDate "1984.01.01"]
[PlyCount "61"]
[EventCategory "5"]
[Source "ChessBase"]
[SourceDate "1999.11.16"]

1. d4 Nf6 2. c4 d6 3. Nc3 e5 4. Nf3 Nbd7 5. Bg5 Be7 6. e3 O-O 7. Qc2 c6 8. Bd3
h6 9. Bh4 Re8 10. O-O-O Qa5 11. Kb1 Rb8 12. Bg3 Nh5 13. c5 Nxg3 14. hxg3 d5 15.
dxe5 Bxc5 16. Bh7+ Kf8 17. Bf5 Bb4 18. Ne2 Qc7 19. Nf4 Nxe5 20. Bxc8 Rbxc8 21.
Qh7 Nxf3 22. gxf3 Bd6 23. Qh8+ Ke7 24. Qxg7 Rg8 25. Qxh6 Be5 26. Qh5 Bf6 27.
Qf5 Qb6 28. Nd3 Rh8 29. Ne5 Qc7 30. f4 Rxh1 31. Rxh1 1-0

[Event "63rd DEN-ch"]
[Site "Aalborg DEN"]
[Date "1984.??.??"]
[Round "7"]
[White "Hansen, Curt"]
[Black "Pedersen, Erik"]
[WhiteElo "2485"]
[BlackElo "2380"]
[Result "1/2-1/2"]
[EventDate "1984.01.01"]
[PlyCount "36"]
[EventCategory "5"]
[Source "ChessBase"]
[SourceDate "1999.11.16"]

1. d4 Nf6 2. Nf3 e6 3. Bg5 c5 4. c3 d5 5. e3 Qb6 6. Qb3 Nc6 7. Nbd2 Be7 8. Be2
Qxb3 9. axb3 b6 10. O-O Bb7 11. dxc5 bxc5 12. Ba6 Bxa6 13. Rxa6 Kd7 14. Rd1 Kc7
15. e4 Kb7 16. Ra4 Rhd8 17. exd5 exd5 18. Re1 h6 1/2-1/2

[Event "63rd DEN-ch"]
[Site "Aalborg DEN"]
[Date "1984.??.??"]
[Round "7"]
[White "Oest-Hansen, Jacob"]
[Black "Rasmussen, Karsten"]
[WhiteElo "2430"]
[Result "1/2-1/2"]
[EventDate "1984.01.01"]
[PlyCount "31"]
[EventCategory "5"]
[Source "ChessBase"]
[SourceDate "1999.11.16"]
[BlackElo "2275"]

1. g3 g6 2. Bg2 Bg7 3. e4 e5 4. Ne2 Ne7 5. c4 c5 6. a3 Nbc6 7. Nbc3 a6 8. Rb1
Rb8 9. b4 cxb4 10. axb4 b5 11. cxb5 axb5 12. d3 O-O 13. O-O d6 14. Bg5 h6 15.
Be3 Nd4 16. Qd2 1/2-1/2

[Event "63rd DEN-ch"]
[Site "Aalborg DEN"]
[Date "1984.??.??"]
[Round "7"]
[White "Jakobsen, Ole"]
[Black "Fries-Nielsen, Niels Joergen"]
[WhiteElo "2420"]
[BlackElo "2345"]
[Result "1-0"]
[EventDate "1984.01.01"]
[PlyCount "137"]
[EventCategory "5"]
[Source "ChessBase"]
[SourceDate "1999.11.16"]

1. Nf3 Nf6 2. c4 d6 3. d4 Bg4 4. Qb3 Qc8 5. h3 Bxf3 6. Qxf3 g6 7. g3 Bg7 8. Bg2
c6 9. O-O O-O 10. Nc3 Nfd7 11. Rd1 a5 12. Qe4 Re8 13. Qc2 Na6 14. Be3 Qc7 15.
Rac1 Rac8 16. Qd2 Qb8 17. Na4 Qc7 18. c5 d5 19. Bf4 Qd8 20. Bh6 Ra8 21. Bxg7
Kxg7 22. Qc3 f5 23. f4 Qb8 24. Rf1 e6 25. g4 Nc7 26. g5 Rh8 27. Qg3 Nb5 28. e3
Qd8 29. Kf2 h5 30. h4 Qb8 31. Rc2 Qc7 32. Rfc1 Rhb8 33. Bf1 Na7 34. Kf3 Nc8 35.
Qe1 Ra7 36. Be2 Ne7 37. Qd1 Nc8 38. Kg3 Qd8 39. Rc3 Ne7 40. b3 Raa8 41. a3 Ra7
42. Ra1 Rba8 43. Rc2 Qc7 44. Kh3 Qd8 45. Rca2 Nc8 46. b4 axb4 47. axb4 b5 48.
cxb6 Ndxb6 49. Nc5 Qe8 50. Rxa7+ Rxa7 51. Rxa7+ Nxa7 52. Qa1 Qe7 53. Ba6 Nac8
54. Bb7 Nd6 55. Bxc6 Ndc4 56. Qa6 Kf7 57. Bb5 Qc7 58. Bd7 Nxe3 59. Bxe6+ Ke7
60. Kg3 Kd6 61. Qb5 Qa7 62. Qa5 Qc7 63. b5 Ke7 64. Kf3 Nec4 65. Qe1 Kd8 66. Bd7
Qa7 67. Qe8+ Kc7 68. Na6+ Kd6 69. Qe6# 1-0

[Event "63rd DEN-ch"]
[Site "Aalborg DEN"]
[Date "1984.??.??"]
[Round "7"]
[White "Kristiansen, Jens"]
[Black "Hvenekilde, Joergen"]
[WhiteElo "2450"]
[BlackElo "2290"]
[Result "1-0"]
[EventDate "1984.01.01"]
[PlyCount "145"]
[EventCategory "5"]
[Source "ChessBase"]
[SourceDate "1999.11.16"]

1. e4 e6 2. d4 d5 3. Nd2 Nf6 4. e5 Nfd7 5. c3 c5 6. f4 cxd4 7. cxd4 Nc6 8. Ndf3
Nb6 9. Bd3 Bd7 10. Ne2 g6 11. O-O Nb4 12. Bb1 Bb5 13. Rf2 Bxe2 14. Rxe2 a5 15.
a3 Nc6 16. a4 Nd7 17. Bd3 Ndb8 18. Rf2 Nb4 19. g4 h5 20. f5 hxg4 21. fxe6 gxf3
22. Qxf3 Qe7 23. exf7+ Kd7 24. Bxg6 N8c6 25. Qg4+ Kc7 26. Bg5 Qd7 27. e6 Qc8
28. Rc1 Kb6 29. Re2 Bd6 30. h3 Qf8 31. Bf6 Be7 32. Bxh8 Qxh8 33. Rd1 Rc8 34.
Kh1 Qh6 35. Rf1 Rh8 36. Bf5 Bd6 37. Rg2 Ne7 38. Bb1 Nbc6 39. Rgf2 Qf8 40. Rg2
Nc8 41. Bf5 N8e7 42. Bb1 Qh6 43. Rgf2 Rf8 44. Re2 Qh8 45. Rd1 Nc8 46. Kg2 Be7
47. Rf2 Nd6 48. b3 Nb4 49. Rf3 Rc8 50. Rdf1 Nc6 51. Rf4 Qh6 52. Qg6 Qh8 53. Qh7
Qf8 54. Rg4 Qd8 55. Rg8 Bf8 56. Qh8 Ne7 57. Qe5 Qc7 58. Rf2 Rd8 59. Bd3 Ka7 60.
Rc2 Qb6 61. Bb5 Nxb5 62. axb5 Qxb5 63. Qc7 Nc6 64. e7 Bxe7 65. Rxd8 Qd3 66. Rf2
Bxd8 67. Qg3 Qe4+ 68. Qf3 Qxf3+ 69. Rxf3 Be7 70. f8=Q Bxf8 71. Rxf8 Nxd4 72. h4
Nxb3 73. h5 1-0

[Event "63rd DEN-ch"]
[Site "Aalborg DEN"]
[Date "1984.??.??"]
[Round "7"]
[White "Kroll, Ove"]
[Black "Fries-Nielsen, Jens Ove"]
[WhiteElo "2300"]
[BlackElo "2420"]
[Result "1/2-1/2"]
[EventDate "1984.01.01"]
[PlyCount "36"]
[EventCategory "5"]
[Source "ChessBase"]
[SourceDate "1999.11.16"]

1. c4 e5 2. Nc3 d6 3. g3 f5 4. Bg2 Nf6 5. d3 g6 6. e4 fxe4 7. dxe4 Bg7 8. h3
O-O 9. Bg5 Be6 10. b3 Qd7 11. Nge2 c5 12. O-O Nc6 13. Kh2 h6 14. Bxf6 Rxf6 15.
Nd5 Rf7 16. a3 Raf8 17. f3 h5 18. h4 Nd4 1/2-1/2

[Event "63rd DEN-ch"]
[Site "Aalborg DEN"]
[Date "1984.??.??"]
[Round "8"]
[White "Brinck-Claussen, Bjoern"]
[Black "Kristiansen, Jens"]
[WhiteElo "2370"]
[BlackElo "2450"]
[Result "1/2-1/2"]
[EventDate "1984.01.01"]
[PlyCount "53"]
[EventCategory "5"]
[Source "ChessBase"]
[SourceDate "1999.11.16"]

1. d4 Nf6 2. c4 g6 3. Nc3 Bg7 4. e4 d6 5. Be2 O-O 6. Bg5 Nbd7 7. Qc1 e5 8. d5
a6 9. Nf3 Qe8 10. Nd2 Nh5 11. Bxh5 gxh5 12. O-O Nc5 13. Qc2 f5 14. b4 Qg6 15.
bxc5 Qxg5 16. cxd6 cxd6 17. exf5 Bxf5 18. Nde4 Qg6 19. f3 Rac8 20. Qe2 Rf7 21.
Rab1 Rfc7 22. Rb6 Bxe4 23. Nxe4 Rxc4 24. Nxd6 Rc2 25. Nxc8 Qxb6+ 26. Nxb6 Rxe2
27. Rf2 1/2-1/2

[Event "63rd DEN-ch"]
[Site "Aalborg DEN"]
[Date "1984.??.??"]
[Round "8"]
[White "Fries-Nielsen, Jens Ove"]
[Black "Hansen, Curt"]
[WhiteElo "2420"]
[BlackElo "2485"]
[Result "1/2-1/2"]
[EventDate "1984.01.01"]
[PlyCount "36"]
[EventCategory "5"]
[Source "ChessBase"]
[SourceDate "1999.11.16"]

1. d4 d5 2. Nf3 Nf6 3. e3 Bf5 4. Bd3 e6 5. O-O Nbd7 6. c4 dxc4 7. Bxc4 Bd6 8.
Nc3 O-O 9. h3 c5 10. Qe2 Bg6 11. Rd1 Qe7 12. Bd3 Bxd3 13. Qxd3 Rfd8 14. Qe2
Rac8 15. Bd2 a6 16. Rac1 cxd4 17. Nxd4 Nc5 18. Be1 Bb8 1/2-1/2

[Event "63rd DEN-ch"]
[Site "Aalborg DEN"]
[Date "1984.??.??"]
[Round "8"]
[White "Fries-Nielsen, Niels Joergen"]
[Black "Oest-Hansen, Jacob"]
[WhiteElo "2345"]
[BlackElo "2430"]
[Result "1/2-1/2"]
[EventDate "1984.01.01"]
[PlyCount "66"]
[EventCategory "5"]
[Source "ChessBase"]
[SourceDate "1999.11.16"]

1. e4 c5 2. g3 d5 3. d3 dxe4 4. dxe4 Qxd1+ 5. Kxd1 Nc6 6. c3 b6 7. Be3 Nf6 8.
f3 Bb7 9. Nd2 O-O-O 10. Kc2 e6 11. Nh3 h6 12. Nf2 g5 13. Rd1 Be7 14. Bc4 Ne8
15. Rhe1 Nd6 16. Bf1 Kc7 17. Nc4 Nxc4 18. Bxc4 Rxd1 19. Rxd1 Ne5 20. Be2 Ng6
21. Rf1 Bd6 22. Bc1 f5 23. exf5 exf5 24. Bd3 Rf8 25. Nd1 Ne5 26. Be2 f4 27.
gxf4 gxf4 28. b3 Rf7 29. Nb2 h5 30. Nd3 Nxd3 31. Bxd3 Rg7 32. Rf2 Be5 33. Be4
Bxe4+ 1/2-1/2

[Event "63rd DEN-ch"]
[Site "Aalborg DEN"]
[Date "1984.??.??"]
[Round "8"]
[White "Hvenekilde, Joergen"]
[Black "Jakobsen, Ole"]
[WhiteElo "2290"]
[BlackElo "2420"]
[Result "0-1"]
[EventDate "1984.01.01"]
[PlyCount "80"]
[EventCategory "5"]
[Source "ChessBase"]
[SourceDate "1999.11.16"]

1. e4 c5 2. Nf3 e6 3. Nc3 a6 4. d4 cxd4 5. Nxd4 d6 6. Bd3 Nf6 7. Be3 b5 8. Qe2
Bb7 9. f4 Nbd7 10. O-O b4 11. Na4 Be7 12. c3 Qa5 13. Bc2 Nxe4 14. cxb4 Qxb4 15.
f5 e5 16. a3 Qa5 17. b4 Qd8 18. Nb3 Nef6 19. Na5 Qb8 20. g4 h6 21. Rac1 Bd8 22.
Nxb7 Qxb7 23. Rfd1 Be7 24. Nc3 d5 25. Ba4 d4 26. g5 hxg5 27. Bxg5 O-O 28. Ne4
Nxe4 29. Bxe7 Rfc8 30. Bxd7 Qxd7 31. Rxc8+ Rxc8 32. Qxe4 Qxe7 33. Re1 Re8 34.
Kh1 Qd6 35. Rc1 d3 36. Rc6 Qd7 37. Rc1 d2 38. Rd1 Qd6 39. a4 Rd8 40. Kg2 Rb8
0-1

[Event "63rd DEN-ch"]
[Site "Aalborg DEN"]
[Date "1984.??.??"]
[Round "8"]
[White "Rasmussen, Karsten"]
[Black "Kroll, Ove"]
[BlackElo "2300"]
[Result "1/2-1/2"]
[EventDate "1984.01.01"]
[PlyCount "58"]
[EventCategory "5"]
[Source "ChessBase"]
[SourceDate "1999.11.16"]
[WhiteElo "2275"]

1. e4 c5 2. Nf3 g6 3. c3 Bg7 4. d4 cxd4 5. cxd4 d5 6. exd5 Nf6 7. Bb5+ Nbd7 8.
d6 O-O 9. O-O exd6 10. Nc3 a6 11. Bd3 b5 12. Ne4 Nxe4 13. Bxe4 Ra7 14. Re1 Nf6
15. Bd3 Be6 16. Bg5 Qa8 17. Bxf6 Bxf6 18. Be4 Bd5 19. Bxd5 Qxd5 20. Qb3 Qxb3
21. axb3 Rc8 22. Kf1 Kf8 23. Rec1 Rxc1+ 24. Rxc1 Ke7 25. Ke2 Kd7 26. Kd3 Ra8
27. g3 Bg7 28. h4 h5 29. Ra1 Bf6 1/2-1/2

[Event "63rd DEN-ch"]
[Site "Aalborg DEN"]
[Date "1984.??.??"]
[Round "9"]
[White "Hansen, Curt"]
[Black "Rasmussen, Karsten"]
[WhiteElo "2485"]
[Result "1/2-1/2"]
[EventDate "1984.01.01"]
[PlyCount "144"]
[EventCategory "5"]
[Source "ChessBase"]
[SourceDate "1999.11.16"]
[BlackElo "2275"]

1. Nf3 Nf6 2. c4 c6 3. b3 d5 4. Bb2 Bf5 5. g3 e6 6. Bg2 Nbd7 7. O-O h6 8. d3
Bc5 9. Nbd2 O-O 10. a3 a5 11. Ra2 Re8 12. Qa1 Bf8 13. Re1 Bh7 14. Bc3 b5 15.
Rc1 b4 16. Bb2 Bd6 17. axb4 axb4 18. Nd4 Rxa2 19. Qxa2 c5 20. Nb5 Bb8 21. Qa6
d4 22. Ra1 e5 23. Qb7 Re6 24. Ra8 Rb6 25. Qa7 g5 26. Nc7 Kg7 27. Nd5 Bxa7 28.
Rxd8 Ra6 29. Bh3 Nb8 30. Nf3 Ra2 31. Bc1 Ra1 32. Nxe5 Rxc1+ 33. Kg2 Re1 34.
Nxf6 Kxf6 35. Re8 Ra1 36. Bc8 Bb6 37. Bb7 Bc7 38. f4 Bf5 39. Bd5 Nd7 40. Nxf7
gxf4 41. Nxh6 fxg3 42. hxg3 Ra6 43. Nxf5 Kxf5 44. g4+ Kf6 45. Rg8 Bf4 46. Kh3
Ra2 47. Bf3 Rb2 48. Kh4 Rxb3 49. g5+ Ke7 50. Rg7+ Kd6 51. g6 Ne5 52. Rb7 Nxf3+
53. exf3 Be5 54. f4 Bh8 55. Rh7 Rb1 56. Kg5 Rg1+ 57. Kf5 b3 58. Rxh8 b2 59. Rb8
b1=Q 60. Rxb1 Rxb1 61. g7 Rg1 62. Kf6 Kd7 63. Kf7 Rf1 64. g8=Q Rxf4+ 65. Kg7
Rg4+ 66. Kf7 Rxg8 67. Kxg8 Ke6 68. Kf8 Ke5 69. Ke7 Kf4 70. Kd6 Ke3 71. Kxc5
Kxd3 72. Kb5 Ke3 1/2-1/2

[Event "63rd DEN-ch"]
[Site "Aalborg DEN"]
[Date "1984.??.??"]
[Round "9"]
[White "Oest-Hansen, Jacob"]
[Black "Hvenekilde, Joergen"]
[WhiteElo "2430"]
[BlackElo "2290"]
[Result "1-0"]
[EventDate "1984.01.01"]
[PlyCount "55"]
[EventCategory "5"]
[Source "ChessBase"]
[SourceDate "1999.11.16"]

1. g3 Nf6 2. Bg2 d6 3. d3 Nc6 4. c4 Bd7 5. Nc3 a6 6. b3 Rb8 7. Bb2 Qc8 8. e3 e5
9. Rc1 g6 10. h3 Bg7 11. Nge2 O-O 12. Qd2 Ne7 13. Nd5 Nfxd5 14. cxd5 c5 15.
dxc6 bxc6 16. Ba3 Qc7 17. O-O Rfe8 18. Kh2 h5 19. d4 Nf5 20. dxe5 dxe5 21. Rfd1
Rb7 22. Nc3 h4 23. g4 Nd4 24. Ne4 Nb5 25. Bd6 Qd8 26. a4 Na7 27. Bb4 Nc8 28.
Nc5 1-0

[Event "63rd DEN-ch"]
[Site "Aalborg DEN"]
[Date "1984.??.??"]
[Round "9"]
[White "Jakobsen, Ole"]
[Black "Brinck-Claussen, Bjoern"]
[WhiteElo "2420"]
[BlackElo "2370"]
[Result "1/2-1/2"]
[EventDate "1984.01.01"]
[PlyCount "43"]
[EventCategory "5"]
[Source "ChessBase"]
[SourceDate "1999.11.16"]

1. Nf3 Nf6 2. c4 c5 3. g3 g6 4. b3 Bg7 5. Bb2 b6 6. Bg2 Bb7 7. O-O O-O 8. Nc3
d6 9. Rc1 Na6 10. d4 cxd4 11. Nxd4 Bxg2 12. Kxg2 Qd7 13. e4 Nc5 14. f3 e6 15.
Rc2 a6 16. Rd2 Rad8 17. Qe2 Qb7 18. Nc2 Qc7 19. Ne3 h5 20. h4 Qc6 21. Rfd1 Rd7
22. Kh2 1/2-1/2

[Event "63rd DEN-ch"]
[Site "Aalborg DEN"]
[Date "1984.??.??"]
[Round "9"]
[White "Kristiansen, Jens"]
[Black "Hoei, Carsten"]
[WhiteElo "2450"]
[BlackElo "2400"]
[Result "1-0"]
[EventDate "1984.01.01"]
[PlyCount "45"]
[EventCategory "5"]
[Source "ChessBase"]
[SourceDate "1999.11.16"]

1. e4 d6 2. d4 Nf6 3. Nc3 g6 4. Nf3 Bg7 5. Be2 O-O 6. O-O Bg4 7. Bg5 Nc6 8. Qd2
Nd7 9. d5 Bxf3 10. Bxf3 Nce5 11. Be2 Nb6 12. b3 c6 13. Bh6 Bxh6 14. Qxh6 Rc8
15. f4 cxd5 16. fxe5 Rxc3 17. Rf4 f5 18. e6 Nd7 19. exf5 gxf5 20. exd7 Qxd7 21.
Raf1 Rf6 22. Qg5+ Rg6 23. Rxf5 1-0

[Event "63rd DEN-ch"]
[Site "Aalborg DEN"]
[Date "1984.??.??"]
[Round "9"]
[White "Kroll, Ove"]
[Black "Fries-Nielsen, Niels Joergen"]
[WhiteElo "2300"]
[BlackElo "2345"]
[Result "1/2-1/2"]
[EventDate "1984.01.01"]
[PlyCount "82"]
[EventCategory "5"]
[Source "ChessBase"]
[SourceDate "1999.11.16"]

1. c4 e5 2. Nc3 Nf6 3. g3 d5 4. cxd5 Nxd5 5. Bg2 Nb6 6. d3 Be7 7. Be3 O-O 8.
Qc1 Kh8 9. Nf3 Nc6 10. O-O f5 11. Rd1 Bf6 12. Bc5 Rf7 13. e4 Be6 14. exf5 Bxf5
15. Ne4 Rd7 16. Qc2 Nd5 17. a3 Rc8 18. b4 a6 19. Rac1 Qe8 20. Qb3 Rdd8 21. Nfg5
Rd7 22. b5 axb5 23. Qxb5 Nd8 24. a4 h6 25. Nf3 c6 26. Qb2 Nf7 27. Re1 Ra8 28.
Nxf6 Nxf6 29. d4 e4 30. Ne5 Rdd8 31. Bb6 Rd5 32. f3 Nxe5 33. dxe5 Qxe5 34. Qxe5
Rxe5 35. Bd4 Re6 36. Bxf6 gxf6 37. fxe4 Bg6 38. Rb1 Re7 39. Rb4 c5 40. Rb6 Ra6
41. Rxa6 bxa6 1/2-1/2

[Event "63rd DEN-ch"]
[Site "Aalborg DEN"]
[Date "1984.??.??"]
[Round "9"]
[White "Pedersen, Erik"]
[Black "Fries-Nielsen, Jens Ove"]
[WhiteElo "2380"]
[BlackElo "2420"]
[Result "1-0"]
[EventDate "1984.01.01"]
[PlyCount "53"]
[EventCategory "5"]
[Source "ChessBase"]
[SourceDate "1999.11.16"]

1. d4 Nf6 2. Nf3 d6 3. c4 Nbd7 4. Bf4 Nh5 5. Bg5 h6 6. Bh4 g5 7. Bg3 Bg7 8. e3
e6 9. Nc3 Qe7 10. Qc2 Nxg3 11. hxg3 a6 12. Bd3 c6 13. Rc1 c5 14. d5 Rb8 15.
dxe6 fxe6 16. Bg6+ Kf8 17. Rd1 b5 18. Ne4 Rb6 19. b4 bxc4 20. bxc5 Rb2 21. Qa4
d5 22. Qc6 Bb7 23. Qc7 Nf6 24. Qb8+ Ne8 25. Ne5 c3 26. Bxe8 Qxe8 27. Ng6+ 1-0

[Event "63rd DEN-ch"]
[Site "Aalborg DEN"]
[Date "1984.??.??"]
[Round "10"]
[White "Brinck-Claussen, Bjoern"]
[Black "Oest-Hansen, Jacob"]
[WhiteElo "2370"]
[BlackElo "2430"]
[Result "1-0"]
[EventDate "1984.01.01"]
[PlyCount "43"]
[EventCategory "5"]
[Source "ChessBase"]
[SourceDate "1999.11.16"]

1. d4 Nf6 2. c4 g6 3. Nc3 Bg7 4. e4 d6 5. Be2 O-O 6. Be3 Nbd7 7. Nf3 e5 8. O-O
h6 9. Ne1 exd4 10. Bxd4 Re8 11. f3 c6 12. Nc2 d5 13. cxd5 cxd5 14. Nxd5 Nxd5
15. Bxg7 Nf4 16. Bc3 Qg5 17. g3 Ne5 18. Qd2 Nxe2+ 19. Qxe2 Qh5 20. Ne3 Nc6 21.
Qf2 Be6 22. Ng4 1-0